Human rights and new world order: towards perfection of the democratic way of life (Record no. 378989)

000 -LEADER
fixed length control field 00399cam a22001337a 4500
008 - FIXED-LENGTH DATA ELEMENTS--GENERAL INFORMATION
fixed length control field 180718b1996 xxu||||| |||| 00| 0 eng d
020 ## - INTERNATIONAL STANDARD BOOK NUMBER
International Standard Book Number 8174881786
082 ## - DEWEY DECIMAL CLASSIFICATION NUMBER
Classification number C41x54 J599h
100 ## - MAIN ENTRY--PERSONAL NAME
Personal name Johari, J.C.
245 ## - TITLE STATEMENT
Title Human rights and new world order: towards perfection of the democratic way of life
Statement of responsibility, etc. by J.C. Johari
260 ## - PUBLICATION, DISTRIBUTION, ETC.
Place of publication, distribution, etc. New Delhi
Name of publisher, distributor, etc. Anmol
Date of publication, distribution, etc. 1996
300 ## - PHYSICAL DESCRIPTION
Extent 306p.
650 ## - SUBJECT ADDED ENTRY--TOPICAL TERM
Topical term or geographic name entry element Human rights
Holdings
Withdrawn status Lost status Damaged status Not for loan Permanent Location Current Location Date acquired Full call number Barcode Date last seen Price effective from Koha item type
        Indian Institute of Public Administration Indian Institute of Public Administration 1996-03-20 C41x54 J599h 70491 2018-07-21 2018-07-21 Book

Powered by Koha